Die größten Städte pro Bundesland - Buchstabe O - Statistiken

Allgemein
  • Dieses Quiz wurde 224 mal gespielt
  • Das Durchschnittsergebnis liegt bei 9 aus 36
Antwortstatistiken
Bundesland Einwohnerzahl Stadt % Korrekt
Niedersachsen 170.389 Oldenburg
93%
Schleswig-Holstein 9.881 Oldenburg (Holstein)
93%
Hessen 131.295 Offenbach (Main)
90%
Rheinland-Pfalz 6.311 Offenbach (Queich)
90%
Niedersachsen 165.034 Osnabrück
89%
Nordrhein-Westfalen 208.752 Oberhausen
82%
Baden-Württemberg 60.857 Offenburg
71%
Brandenburg 46.555 Oranienburg
51%
Hessen 46.660 Oberursel (Taunus)
21%
Bayern 27.653 Olching
21%
Sachsen-Anhalt 19.193 Oschersleben (Bode)
18%
Sachsen 13.884 Oschatz
15%
Nordrhein-Westfalen 31.395 Oer-Erkenschwick
13%
Baden-Württemberg 39.376 Ostfildern
11%
Hessen 24.968 Obertshausen
10%
Rheinland-Pfalz 7.571 Oppenheim
10%
Baden-Württemberg 25.049 Öhringen
9%
Nordrhein-Westfalen 29.210 Oelde
8%
Niedersachsen 30.438 Osterholz-Scharmbeck
8%
Saarland 14.395 Ottweiler
8%
Thüringen 9.525 Ohrdruf
7%
Bayern 21.719 Ottobrunn
7%
Thüringen 1.570 Oberhof
6%
Sachsen 10.902 Oelsnitz (Erzebirge)
4%
Rheinland-Pfalz 9.528 Osthofen
4%
Saarland 5.953 Oberthal
3%
Sachsen-Anhalt 13.544 Oebisfelde-Weferlingen
3%
Brandenburg 2.117 Oderberg
2%
Bayern 17.749 Oberasbach
1%
Mecklenburg-Vorpommern 809 Obere Warnow
1%
Sachsen 10.570 Olbernhau
1%
Sachsen-Anhalt 11.012 Osterwieck
1%
Brandenburg 11.860 Oberkrämer
0%
Thüringen 1.252 Obermaßfeld-Grimmenthal
0%
Schleswig-Holstein 5.104 Osterrönfeld
0%
Schleswig-Holstein 8.744 Oststeinbeck
0%
Keine übereinstimmenden Quizze gefunden
Verteilung der Resultate
Anzahl Personen mit jedem Resultat
Perzentil nach korrekt beantworteten Fragen
Ihre Resultats-Entwicklung
Sie haben dieses Quiz noch nicht gespielt